IC Engines (Record no. 214075)
[ view plain ]
| 000 -LEADER | |
|---|---|
| fixed length control field | 00450nam a2200169Ia 4500 |
| 008 - FIXED-LENGTH DATA ELEMENTS--GENERAL INFORMATION | |
| fixed length control field | 230714s9999 xx 000 0 und d |
| 020 ## - INTERNATIONAL STANDARD BOOK NUMBER | |
| International Standard Book Number | 9790000000000 |
| 041 ## - LANGUAGE CODE | |
| Language code of text/sound track or separate title | eng |
| 082 ## - DEWEY DECIMAL CLASSIFICATION NUMBER | |
| Classification number | 621.43 |
| Item number | PUN |
| 100 ## - MAIN ENTRY--PERSONAL NAME | |
| Personal name | Pundir B.P. |
| 245 ## - TITLE STATEMENT | |
| Title | IC Engines |
| Remainder of title | Combustion And Emissions |
| 260 ## - PUBLICATION, DISTRIBUTION, ETC. (IMPRINT) | |
| Date of publication, distribution, etc. | 2010 |
| Name of publisher, distributor, etc. | Narosa Publishing |
| 300 ## - PHYSICAL DESCRIPTION | |
| Extent | 504 |
| 365 ## - TRADE PRICE | |
| Currency code | Rs. |
| Price amount | 485.00 |
| 700 ## - ADDED ENTRY--PERSONAL NAME | |
| Personal name | Pundir B.P. |
| 906 ## - LOCAL DATA ELEMENT F, LDF (RLIN) | |
| d | O:0423104-Oct-2014B:IN 87506-Aug-2014 |
| c | MECH |
| b | 485 |
No items available.